| 000 | 00653cam a2200229 a 4500 | ||
|---|---|---|---|
| 001 | 000008290 | ||
| 005 | 20200929161325.0 | ||
| 008 | 980708s1998 sp 000 f spa d | ||
| 020 | _a8420483818 | ||
| 040 |
_aDO-SdBNP _cDLC _dDLC |
||
| 082 |
_aN863.44 _bR173m |
||
| 100 | 1 |
_aRamírez, Sergio, _d1942- _917566 |
|
| 245 | 1 | 0 |
_aMargarita, está linda la mar / _cSergio Ramírez. |
| 260 |
_aMadrid : _bAlfaguara, _c1998. |
||
| 300 |
_a373 p. ; _c22 cm. |
||
| 586 | _aPremio Alfaguara 1998 | ||
| 650 | 4 |
_aNovela nicaraguense _922434 |
|
| 650 | 4 |
_aLiteratura nicaraguense _98180 |
|
| 910 | _aCatalogación por copia / LC | ||
| 910 | _aWM | ||
| 049 | _aBNGR | ||
| 999 |
_c8061 _d8061 |
||